00530pab a2200169 454500008004000000100002200040245008300062260000900145300001300154362000800167650002200175650001400197773001800211909001000229999001700239952010400256180718b2004 xxu||||| |||| 00| 0 eng d aMitra, Siddhartha aMaternal mortality in India: policy strands from an analysis of secondary data c2004 ap.94-97. aSep aMortality - India aMortality aSocial Change a64613 c64613d64613 00104070aIIPAbIIPAd2018-07-19hVolume no: 34, Issue no: 3pAR65065r2018-07-19w2018-07-19yAR